Währungen Europas - Statistiken

Allgemein
  • Dieses Quiz wurde 203 mal gespielt
  • Das Durchschnittsergebnis liegt bei 33 aus 45
Antworten auf der Karte
Die Antworten werden auf der Karte rot bzw. grün angezeigt, abhängig davon wie oft sie richtig erraten wurden.
 
Antwortstatistiken
Land Währung % Korrekt
Belgien Euro
94%
Italien Euro
94%
Deutschland Euro
93%
Frankreich Euro
93%
Griechenland Euro
92%
Irland Euro
91%
Kroatien Euro
90%
Finland Euro
89%
Lettland Euro
89%
Niederlande Euro
89%
Estland Euro
88%
Luxemburg Euro
88%
Malta Euro
88%
Österreich Euro
88%
Andorra Euro
87%
Portugal Euro
87%
Spanien Euro
87%
Dänemark Krone
87%
Litauen Euro
86%
Monaco Euro
86%
San Marino Euro
85%
Schweden Krone
85%
Vereinigtes Königreich Pfund
85%
Slowenien Euro
84%
Vatikanstaat Euro
84%
Schweiz Franken
84%
Slowakei Euro
83%
Norwegen Krone
80%
Montenegro Euro
77%
Russland Rubel
76%
Kosovo Euro
72%
Tschechien Krone
72%
Belarus Rubel
67%
Liechtenstein Franken
65%
Island Krone
65%
Polen Zloty
65%
Ungarn Forint
41%
Albanien Lek
38%
Serbien Dinar
33%
Rumänien Leu
32%
Bulgarien Lew
29%
Moldau Leu
24%
Nordmazedonien Denar
20%
Bosnien und Herzegowina Konvertible Mark
17%
Ukraine Hrywnja
11%
Keine übereinstimmenden Quizze gefunden
Verteilung der Resultate
Anzahl Personen mit jedem Resultat
Perzentil nach korrekt beantworteten Fragen
Ihre Resultats-Entwicklung
Sie haben dieses Quiz noch nicht gespielt